Meditación Teológica desde España

Guardat en:
Dades bibliogràfiques
Autor principal: González de Cardedal, Olegario (Autor)
Format: Llibre
Idioma:espanyol
Publicat: Salamanca Sígueme 1970
Col·lecció:Colección Verdad e Imagen, 6
Matèries:
Etiquetes: Afegir etiqueta
Sense etiquetes, Sigues el primer a etiquetar aquest registre!

MARC

LEADER 00000nam a2200000 a 4500
001 UCJ2787
003 CL-VaPUC
008 070112e19700117SP |||||||||||||||||spa|d
082 0 4 |a 230.46  |b GON  |2 21 
100 0 |a González de Cardedal, Olegario  |e author  |9 495813 
245 1 0 |a Meditación Teológica desde España  
300 |a 558 p 
942 |c BK 
945 |d 20070112 00:00:00  |a lvergara 
260 |a Salamanca  |b Sígueme  |c 1970 
650 0 |a Teología   |9 258766 
650 0 |a Teología cristiana  |9 308336 
651 0 |a España  |9 254926 
583 |a last modification  |c 20070112 00:00:00  |k Rodrigo Vera 
490 0 |a Colección Verdad e Imagen, 6 
999 |c 318917  |d 318915 
952 |0 0  |1 0  |4 0  |6 230_460000000000000_GON_1970  |7 0  |8 A  |9 397132  |a BIBTEO  |b BIBTEO  |d 2019-11-22  |i 4246314  |o 230.46 GON 1970  |p 4246314  |r 2025-01-17  |w 2019-11-22  |y BK  |k ICR